000 00648nam a2200217Ia 4500
005 20250923145603.0
008 008 250917s9999 xx 000 0 eng d
037 _aTextual
040 _aDSWL
_beng
_cDSWL
041 _aeng
_2eng
084 _aY217.41'N45<-M45, N80
_qDSWL
100 _aWolf, A.P
_9836876
245 0 _aMarriage and adoption in China 1845-1945
_c by A.P. Wolf
260 _aCalifornia
_bStanford University Press
_c1980
300 _axx,426p.
365 _aINR
_b163.73
700 _a Hunng
_9836877
925 _g163.73
942 _cTEXL
_hY217.41'N45<-M45, N80
999 _c1453167
_d1453167